00229nam a2200085Ia 4500008004100000082001800041100002300059245004100082300002000123230907s9999||||xx |||||||||||||| ||und|| a333.7932bGEL aGellings, Clark W. 0aExploring the value of electricity / avi, 254 pages :